| 000 | 06940namaa22004331i 4500 | ||
|---|---|---|---|
| 003 | EG-GICUC | ||
| 005 | 20260415115531.0 | ||
| 008 | 260330s2025 ua a|||frm||| 000 0 eng d | ||
| 040 |
_aEG-GICUC _beng _cEG-GICUC _dEG-GICUC _erda |
||
| 041 | 0 |
_aeng _beng _bara |
|
| 049 | _aDeposit | ||
| 082 | 0 | 4 | _a330.015195 |
| 092 |
_a330.015195 _221 |
||
| 097 | _aPh.D | ||
| 099 | _aCai01.18.04.Ph.D.2025.Ha.S | ||
| 100 | 0 |
_aHamada Adel Ahmed Salama, _epreparation. |
|
| 245 | 1 | 0 |
_aStatistical inference for autoregressive panel data models / _cby Hamada Adel Ahmed Salama ; Supervised Prof. Ahmed Amin El-Sheikh, Dr. Mohamed Khalifa Ahmed Issa. |
| 246 | 1 | 5 | _aالاستدلال الإحصائي لنماذج الانحدار الذاتي للبيانات الإطارية |
| 264 | 0 | _c2025. | |
| 300 |
_a178 Leaves : _billustrations ; _c30 cm. + _eCD. |
||
| 336 |
_atext _2rda content |
||
| 337 |
_aUnmediated _2rdamedia |
||
| 338 |
_avolume _2rdacarrier |
||
| 502 | _aThesis (Ph.D)-Cairo University, 2025. | ||
| 504 | _aBibliography: pages 148-159. | ||
| 520 | 3 | _aPanel Data Models have gained increasing importance in econometric research and other scientific disciplines due to their ability to combine both cross-sectional and time-series dimensions, which enhances the power of statistical inference and analysis, especially in the presence of estimation challenges associated with small samples. Autoregressive Panel Data Models (ARP) represent one of the major advancements in this field, as they integrate temporal dynamics and individual heterogeneity simultaneously, thereby addressing the limitations inherent in analyzing cross-sectional or time-series data separately.This thesis aims to investigate statistical estimation methods for the parameters of Autoregressive Panel Data Models (ARP) by adapting and applying estimation techniques originally developed for time-series models to the panel data framework. The study examines the statistical properties of estimators in the first-order Autoregressive Panel Model (ARP(1)) using three different approaches. The first approach is the Weighted Least Squares (WLS) method, which involves proposing two different weighting schemes and analyzing the estimator’s theoretical properties in terms of linearity, unbiasedness, variance, asymptotic consistency, and asymptotic distribution. The second approach employs the Quasi-Maximum Likelihood (QML) estimation method, with its properties examined according to the same theoretical criteria. The third approach applies the Yule–Walker (YW) method, studying the estimator’s asymptotic properties including asymptotic linearity, asymptotic unbiasedness, asymptotic variance, consistency, and asymptotic distribution.The performance of these estimation methods was compared based on three evaluation criteria: bias, mean squared error (MSE), and mean absolute error (MAE), using various sample sizes and initial values. Furthermore, the efficiency of the proposed methods was assessed through Monte Carlo Simulations and applied to real data to validate their practical applicability and robustness. | |
| 520 | 3 | _aأصبحت نماذج البيانات الإطارية (Panel Data Models) ذات أهمية متزايدة في البحوث القياسية والعلوم الأخرى، نظرًا لقدرتها على دمج بُعدي البيانات المقطعية والسلاسل الزمنية معًا، الأمر الذي زاد من قوة الاستدلال والتحليل الإحصائي، خاصة في ظل صعوبات التقدير في العينات الصغيرة. وتُعد نماذج الانحدار الذاتي للبيانات الإطارية(Autoregressive Panel Data Models – ARP) من التطورات البارزة في هذا المجال، إذ تجمع بين الديناميكيات الزمنية والتباين الفردي في آنٍ واحد، مما يساعد على معالجة القيود المرتبطة بتحليل البيانات المقطعية أو بيانات السلاسل الزمنية كلٍّ على حدة.وقد هدفت هذه الرسالة إلى دراسة أساليب التقدير الإحصائي لمعاملات نماذج الانحدار الذاتي للبيانات الإطارية(ARP) من خلال تطبيقطرق التقدير التي طُوِّرت في الأصل لنماذج السلاسل الزمنية وتطبيقها في بيئة البيانات الإطارية. وتتناول الدراسة تحليل خصائص المقدّرات الناتجة لنماذج الانحدار الذاتي للبيانات الإطاريةمن الرتبة الأولى (ARP (1 باستخدام ثلاث طرق مختلفة: الأولى هي طريقة المربعات الصغرى المرجحة (WLS) باقتراح شكلين للأوزان ودراسة خصائص المقدّر من حيث الخطية، وعدم التحيز، والتباين، والاتساق التقاربي، والتوزيع التقاربي، أما الطريقة الثانية فهي طريقة شبه الاحتمالية العظمي (QML)مع دراسة خصائص هذا المقدّر وفقًا لنفس الخصائص النظرية السابقة. في حين تناولت الطريقة الثالثةالتقدير باستخدام طريقة بول واكر (YW)، مع دراسة خصائص المقدّر من منظور تقاربي يشمل الخطية التقاربية، وعدم التحيز التقاربي، والتباين التقاربي، والاتساق، والتوزيع التقاربي. وتمت مقارنة أداء هذه الطرق اعتمادًا على معايير التحيز ومتوسط مربعات الخطأ والقيمة المطلقة للخطأ، باستخدام أحجام عينات وقيم مبدئية مختلفة، إلى جانب تقييم كفاءتها من خلال محاكاة مونت كارلو (Monte Carlo Simulations) وتطبيقها على بيانات حقيقية بهدف تقييم أداء الطرق في الواقع العملي. | |
| 530 | _aIssues also as CD. | ||
| 546 | _aText in English and abstract in Arabic & English. | ||
| 650 | 0 | _aStatistics and Econometrics | |
| 650 | 0 | _aالاحصاء التطبيقي والاقتصاد | |
| 653 | 1 |
_aAutoregressive models _aPanel data model _aUnbiasedness _aConsistency _aEstimators _aنماذج الانحدار الذاتي _aالاستدلال الإحصائي |
|
| 700 | 0 |
_aAhmed Amin El-Sheikh _ethesis advisor. |
|
| 700 | 0 |
_aMohamed Khalifa Ahmed Issa _ethesis advisor. |
|
| 900 |
_b01-01-2025 _cAhmed Amin El-Sheikh _cMohamed Khalifa Ahmed Issa _UCairo University _FFaculty of Graduate Studies for Statistical Research _DDepartment of Applied Statistics and Econometrics |
||
| 905 |
_aShimaa _eEman Ghareb |
||
| 942 |
_2ddc _cTH _e21 _n0 |
||
| 999 | _c179104 | ||